[Event "Open C"]
[Site "Polanica-Zdroj"]
[Date "2017.08.21"]
[Round "2.10"]
[White "Slomczewski, Michal"]
[Black "Wnek, Filip"]
[Result "1-0"]
[BlackElo "1587"]
[WhiteElo "1956"]
[LiveChessVersion "1.4.8"]

1. Nf3 {[%clk 1:30:58]} f5 {[%clk 1:30:15]} 2. g3 {[%clk 1:31:13]} Nf6
{[%clk 1:30:34]} 3. Bg2 {[%clk 1:31:20]} d6 {[%clk 1:30:38]} 4. d4
{[%clk 1:29:31]} g6 {[%clk 1:30:08]} 5. O-O {[%clk 1:27:28]} Bg7 {[%clk 1:29:46]}
6. b4 {[%clk 1:21:45]} O-O {[%clk 1:27:18]} 7. Bb2 {[%clk 1:21:23]} Qe8
{[%clk 1:25:53]} 8. c4 {[%clk 1:13:38]} Nfd7 {[%clk 1:09:22]} 9. Nc3
{[%clk 1:11:01]} e5 {[%clk 1:00:03]} 10. Nb5 {[%clk 0:50:00]} Na6
{[%clk 0:56:20]} 11. Qb3 {[%clk 0:36:04]} e4 {[%clk 0:51:50]} 12. Ng5
{[%clk 0:35:45]} Kh8 {[%clk 0:50:40]} 13. f4 {[%clk 0:23:16]} h6 {[%clk 0:47:31]}
14. Nh3 {[%clk 0:23:37]} Nf6 {[%clk 0:46:23]} 15. a4 {[%clk 0:20:30]} Qe7
{[%clk 0:41:27]} 16. Nf2 {[%clk 0:19:40]} Rd8 {[%clk 0:37:46]} 17. Rfc1
{[%clk 0:19:07]} c6 {[%clk 0:36:39]} 18. Nc3 {[%clk 0:17:06]} Nc7
{[%clk 0:30:25]} 19. Nfd1 {[%clk 0:16:32]} Be6 {[%clk 0:26:22]} 20. e3
{[%clk 0:13:39]} a6 {[%clk 0:23:53]} 21. b5 {[%clk 0:12:58]} a5 {[%clk 0:18:09]}
22. Bf1 {[%clk 0:06:24]} Qf7 {[%clk 0:15:51]} 23. Ba3 {[%clk 0:05:42]} Rab8
{[%clk 0:13:30]} 24. Ra2 {[%clk 0:05:24]} Qg8 {[%clk 0:11:29]} 25. Rd2
{[%clk 0:05:27]} Kh7 {[%clk 0:07:00]} 26. b6 {[%clk 0:05:11]} Nce8
{[%clk 0:05:56]} 27. d5 {[%clk 0:05:27]} Bf7 {[%clk 0:05:16]} 28. h3
{[%clk 0:03:26]} h5 {[%clk 0:05:02]} 29. Nf2 {[%clk 0:03:15]} Qf8
{[%clk 0:04:21]} 30. Rcd1 {[%clk 0:02:59]} Kh6 {[%clk 0:04:17]} 31. h4
{[%clk 0:01:32]} Ng4 {[%clk 0:04:12]} 32. Nxg4+ {[%clk 0:01:47]} hxg4
{[%clk 0:04:30]} 33. Ne2 {[%clk 0:01:12]} c5 {[%clk 0:04:14]} 34. Bb2
{[%clk 0:00:36]} Nf6 {[%clk 0:04:30]} 35. Bc3 {[%clk 0:00:41]} Ra8
{[%clk 0:04:40]} 36. Rb1 {[%clk 0:00:32]} Ra6 {[%clk 0:04:55]} 37. Rdb2
{[%clk 0:00:36]} Be8 {[%clk 0:04:57]} 38. Qc2 {[%clk 0:00:35]} Bd7
{[%clk 0:05:01]} 39. Ra1 {[%clk 0:00:31]} Qe8 {[%clk 0:04:40]} 40. Ra3
{[%clk 0:00:31]} Rda8 {[%clk 0:03:00]} 41. Qd2 {[%clk 0:00:49]} Ng8
{[%clk 0:02:39]} 42. Bxg7+ {[%clk 0:00:38]} Kxg7 {[%clk 0:02:58]} 43. Nc3
{[%clk 0:01:05]} Ne7 {[%clk 0:02:58]} 44. Nb5 {[%clk 0:01:22]} Bxb5
{[%clk 0:02:48]} 45. axb5 {[%clk 0:01:51]} Rxb6 {[%clk 0:02:52]} 46. Rba2
{[%clk 0:01:41]} Ng8 {[%clk 0:01:47]} 47. Rxa5 {[%clk 0:02:00]} Rc8
{[%clk 0:01:42]} 48. Ra7 {[%clk 0:02:13]} Qd7 {[%clk 0:01:43]} 49. R2a6
{[%clk 0:01:14]} Rxa6 {[%clk 0:01:45]} 50. bxa6 {[%clk 0:01:37]} Rc7
{[%clk 0:02:09]} 51. Qb2+ {[%clk 0:01:52]} 1-0

[Event "Open C"]
[Site "Polanica-Zdroj"]
[Date "2017.08.21"]
[Round "2.11"]
[White "Twardowski, Hubert"]
[Black "Kicinski, Jacek"]
[Result "1/2-1/2"]
[BlackElo "1955"]
[WhiteElo "1608"]
[LiveChessVersion "1.4.8"]

1. e4 c5 2. Nf3 d6 3. d4 cxd4 4. Nxd4 Nf6 5. Nc3 g6 6. f3 Bg7 7. Be3 O-O 8. Qd2
Bd7 9. O-O-O Nc6 10. g4 a6 11. h4 b5 12. h5 b4 13. Nd5 Nxd5 14. Nxc6 Bxc6 15.
exd5 Bb5 16. hxg6 fxg6 17. Qh2 Kf7 18. Qf4+ Kg8 19. Qh2 Kf7 20. Bd4 Rh8 21. Qf4+
Kg8 22. Bxg7 Kxg7 23. g5 Bxf1 24. Qd4+ Kg8 25. Rdxf1 Qf8 26. Re1 Re8 27. Re6 Qf5
28. f4 Kf7 29. Kd2 a5 30. Rhe1 h5 31. Qxh8 Qxf4+ 32. Kd3 Qf5+ 33. Kc4 Rxh8 34.
Rxe7+ {[%clk 0:02:01]} Kg8 {[%clk 0:02:29]} 35. Re8+ {[%clk 0:02:24]} Qf8
{[%clk 0:02:50]} 36. Rxf8+ {[%clk 0:02:27]} Kxf8 {[%clk 0:03:19]} 37. Kb5
{[%clk 0:01:14]} h4 {[%clk 0:02:57]} 38. Kxa5 {[%clk 0:01:30]} Rh5
{[%clk 0:02:59]} 39. Rg1 h3 40. Rh1 Rh4 41. c3 bxc3 42. bxc3 {[%clk 0:01:25]} Ke7
{[%clk 0:02:56]} 43. Kb5 {[%clk 0:01:48]} Kd7 {[%clk 0:02:26]} 44. a4
{[%clk 0:02:10]} Kc7 {[%clk 0:02:11]} 45. Rh2 Kb7 46. a5 Rh5 47. c4
{[%clk 0:02:28]} Rh4 48. a6+ Kc7 {[%clk 0:00:55]} 49. c5 {[%clk 0:00:43]} dxc5
{[%clk 0:01:18]} 50. Kxc5 {[%clk 0:00:55]} Ra4 {[%clk 0:00:57]} 51. Kb5
{[%clk 0:00:38]} Rd4 {[%clk 0:01:16]} 52. Kc5 {[%clk 0:00:34]} Ra4
{[%clk 0:01:41]} 53. Rxh3 Ra5+ 54. Kd4 {[%clk 0:00:48]} Kd6 {[%clk 0:02:18]} 55.
Rc3 Rxd5+ 56. Ke4 Re5+ 57. Kf4 Ra5 58. Rc4 Rxa6 59. Rb4 Ke6 60. Re4+ Kf7 61. Rb4
Ra7 62. Ke4 Rc7 63. Ra4 Rd7 64. Rb4 Re7+ 65. Kf4 Ra7 66. Rc4 Re7 67. Ra4 Rb7
1/2-1/2

[Event "Open C"]
[Site "Polanica-Zdroj"]
[Date "2017.08.21"]
[Round "2.12"]
[White "Darowicki, Mariusz"]
[Black "Filipska, Maja"]
[Result "1-0"]
[BlackElo "1583"]
[WhiteElo "1942"]
[LiveChessVersion "1.4.8"]

1. Nf3 {[%clk 1:30:51]} d6 {[%clk 1:30:13]} 2. d4 {[%clk 1:30:36]} g6
{[%clk 1:28:58]} 3. e4 {[%clk 1:29:31]} Bg7 {[%clk 1:28:39]} 4. Bd3
{[%clk 1:27:24]} Nf6 {[%clk 1:27:44]} 5. O-O {[%clk 1:26:57]} O-O
{[%clk 1:26:21]} 6. h3 {[%clk 1:25:30]} Nbd7 {[%clk 1:24:33]} 7. e5
{[%clk 1:17:33]} Ne8 {[%clk 1:19:29]} 8. Qe2 {[%clk 1:11:33]} Nb6
{[%clk 1:11:50]} 9. Nc3 {[%clk 1:07:42]} c6 {[%clk 1:09:16]} 10. Re1
{[%clk 1:05:24]} Nc7 {[%clk 1:06:26]} 11. Bd2 {[%clk 0:54:47]} Ne6
{[%clk 0:57:17]} 12. Be3 {[%clk 0:44:33]} Qc7 {[%clk 0:54:16]} 13. Rad1
{[%clk 0:34:46]} d5 {[%clk 0:49:25]} 14. a4 {[%clk 0:30:52]} a5 {[%clk 0:47:35]}
15. Rb1 {[%clk 0:29:03]} c5 {[%clk 0:39:22]} 16. dxc5 {[%clk 0:24:55]} Nxc5
{[%clk 0:38:44]} 17. Nb5 {[%clk 0:24:33]} Qc6 {[%clk 0:37:34]} 18. Nfd4
{[%clk 0:21:35]} Qd7 {[%clk 0:36:28]} 19. b3 {[%clk 0:17:35]} Nxd3
{[%clk 0:32:18]} 20. cxd3 {[%clk 0:17:54]} Qd8 {[%clk 0:26:07]} 21. Bd2
{[%clk 0:16:13]} Bd7 {[%clk 0:21:17]} 22. Rbc1 {[%clk 0:15:38]} Bxb5
{[%clk 0:18:24]} 23. Nxb5 {[%clk 0:15:59]} Nc8 {[%clk 0:14:09]} 24. d4
{[%clk 0:12:57]} Na7 {[%clk 0:10:19]} 25. Nxa7 {[%clk 0:11:11]} Rxa7
{[%clk 0:10:43]} 26. Qb5 {[%clk 0:11:29]} Ra6 {[%clk 0:07:18]} 27. Qxb7
{[%clk 0:08:48]} Rb6 {[%clk 0:06:47]} 28. Qa7 {[%clk 0:08:46]} Rxb3
{[%clk 0:06:31]} 29. Bxa5 {[%clk 0:08:42]} Qa8 {[%clk 0:05:53]} 30. Rc7
{[%clk 0:06:55]} Qxa7 {[%clk 0:05:33]} 31. Rxa7 {[%clk 0:07:21]} e6
{[%clk 0:05:20]} 32. Bc7 {[%clk 0:06:49]} Rc8 {[%clk 0:04:45]} 33. a5
{[%clk 0:06:26]} Bh6 {[%clk 0:02:30]} 34. Ra1 {[%clk 0:05:15]} Bd2
{[%clk 0:02:30]} 35. a6 {[%clk 0:04:54]} Bc3 {[%clk 0:02:07]} 36. Ra4
{[%clk 0:04:16]} Rb1+ {[%clk 0:02:28]} 37. Kh2 {[%clk 0:04:41]} Rd1
{[%clk 0:02:21]} 38. Bb6 {[%clk 0:02:48]} Be1 {[%clk 0:02:46]} 39. Rc7
{[%clk 0:02:06]} Ra8 {[%clk 0:02:26]} 40. Rc2 {[%clk 0:02:20]} Rb1
{[%clk 0:02:23]} 41. Bc5 {[%clk 0:02:36]} Rb5 {[%clk 0:02:02]} 42. a7
{[%clk 0:02:54]} Ba5 {[%clk 0:02:03]} 43. Raa2 {[%clk 0:02:23]} Bc7
{[%clk 0:01:38]} 44. Rab2 {[%clk 0:02:09]} Ra5 {[%clk 0:01:05]} 45. Rb7
{[%clk 0:02:25]} Rc8 {[%clk 0:00:59]} 46. Bd6 {[%clk 0:02:40]} 1-0

[Event "Open C"]
[Site "Polanica-Zdroj"]
[Date "2017.08.19"]
[Round "3.1"]
[White "Rak, Maciej"]
[Black "Slabek, Grzegorz"]
[Result "1/2-1/2"]
[BlackElo "2000"]
[WhiteElo "1727"]
[LiveChessVersion "1.4.8"]

1. f4 {[%clk 1:30:57]} g6 {[%clk 1:30:54]} 2. Nf3 {[%clk 1:31:13]} Bg7
{[%clk 1:31:19]} 3. g3 {[%clk 1:31:24]} Nf6 {[%clk 1:31:36]} 4. Bg2
{[%clk 1:31:19]} O-O {[%clk 1:32:01]} 5. O-O {[%clk 1:31:00]} c6 {[%clk 1:32:19]}
6. d3 {[%clk 1:29:50]} d6 {[%clk 1:32:48]} 7. e4 {[%clk 1:28:52]} Qa5
{[%clk 1:33:12]} 8. Nc3 {[%clk 1:15:39]} Qh5 {[%clk 1:32:01]} 9. Ng5
{[%clk 1:13:05]} Bg4 {[%clk 1:32:09]} 10. Bf3 {[%clk 1:12:23]} h6
{[%clk 1:32:10]} 11. Bxg4 {[%clk 1:11:10]} Nxg4 {[%clk 1:32:27]} 12. Nf3
{[%clk 1:08:42]} Qh3 {[%clk 1:28:24]} 13. Qe2 {[%clk 1:06:30]} Nd7
{[%clk 1:25:27]} 14. Qg2 {[%clk 1:02:03]} Qxg2+ {[%clk 1:22:03]} 15. Kxg2
{[%clk 1:02:28]} e6 {[%clk 1:21:34]} 16. h3 {[%clk 1:00:19]} Ngf6
{[%clk 1:22:00]} 17. Rb1 {[%clk 0:58:44]} b5 {[%clk 1:21:13]} 18. b3
{[%clk 0:53:32]} b4 {[%clk 1:20:17]} 19. Nd1 {[%clk 0:50:51]} a5 {[%clk 1:20:24]}
20. a4 {[%clk 0:49:00]} bxa3 {[%clk 1:18:33]} 21. Bxa3 {[%clk 0:49:22]} c5
{[%clk 1:18:43]} 22. Nb2 {[%clk 0:43:20]} Rfc8 {[%clk 1:18:30]} 23. Na4
{[%clk 0:34:31]} Rab8 {[%clk 1:15:41]} 24. Nd2 {[%clk 0:31:19]} Nb6
{[%clk 1:14:54]} 25. Nxb6 {[%clk 0:30:08]} Rxb6 {[%clk 1:15:15]} 26. Nc4
{[%clk 0:29:10]} Ra6 {[%clk 1:15:23]} 27. Nxd6 {[%clk 0:22:28]} Rxd6
{[%clk 1:15:29]} 28. e5 {[%clk 0:22:55]} Ra6 {[%clk 1:14:49]} 29. exf6
{[%clk 0:23:19]} Bxf6 {[%clk 1:15:11]} 30. Bb2 {[%clk 0:22:42]} Bd4
{[%clk 1:14:41]} 31. Bxd4 {[%clk 0:19:36]} cxd4 {[%clk 1:14:30]} 32. Rf2
{[%clk 0:19:15]} Rac6 {[%clk 1:14:42]} 33. Rb2 {[%clk 0:19:35]} Kf8
{[%clk 1:14:44]} 34. Ra2 {[%clk 0:18:30]} Rc5 {[%clk 1:13:37]} 1/2-1/2

[Event "Open C"]
[Site "Polanica-Zdroj"]
[Date "2017.08.19"]
[Round "3.2"]
[White "Pyka, Roman"]
[Black "Trusz, Julia"]
[Result "1-0"]
[BlackElo "1726"]
[WhiteElo "1991"]
[LiveChessVersion "1.4.8"]

1. d4 {[%clk 1:30:16]} Nf6 {[%clk 1:30:24]} 2. Nf3 {[%clk 1:30:38]} e6
{[%clk 1:30:38]} 3. c4 {[%clk 1:31:00]} b6 {[%clk 1:30:43]} 4. g3
{[%clk 1:31:21]} Bb7 {[%clk 1:30:42]} 5. Bg2 {[%clk 1:31:43]} Bb4+
{[%clk 1:30:12]} 6. Bd2 {[%clk 1:31:56]} Bxd2+ {[%clk 1:30:14]} 7. Nbxd2
{[%clk 1:32:10]} O-O {[%clk 1:30:06]} 8. O-O {[%clk 1:32:29]} d6 {[%clk 1:29:33]}
9. Qc2 {[%clk 1:31:20]} Nbd7 {[%clk 1:28:23]} 10. e4 {[%clk 1:29:08]} c5
{[%clk 1:16:45]} 11. d5 {[%clk 1:28:44]} exd5 {[%clk 1:15:41]} 12. exd5
{[%clk 1:28:54]} Ng4 {[%clk 1:14:11]} 13. Rfe1 {[%clk 1:23:02]} Qf6
{[%clk 1:12:05]} 14. Re4 {[%clk 1:16:14]} Qf5 {[%clk 1:05:31]} 15. Rf1
{[%clk 1:01:12]} Nde5 {[%clk 0:58:01]} 16. Nh4 {[%clk 0:59:24]} Qh5
{[%clk 0:56:36]} 17. h3 {[%clk 0:52:30]} Nf6 {[%clk 0:56:44]} 18. Rf4
{[%clk 0:51:01]} Bc8 {[%clk 0:54:38]} 19. Nf5 {[%clk 0:47:42]} Bxf5
{[%clk 0:48:55]} 20. Rxf5 {[%clk 0:45:10]} Qg6 {[%clk 0:49:06]} 21. g4
{[%clk 0:41:21]} h6 {[%clk 0:48:43]} 22. Ne4 {[%clk 0:40:31]} Nfd7
{[%clk 0:39:39]} 23. f4 {[%clk 0:40:03]} Nxg4 {[%clk 0:39:18]} 24. hxg4
{[%clk 0:39:49]} Qxg4 {[%clk 0:39:40]} 25. Nxd6 {[%clk 0:31:41]} g6
{[%clk 0:37:57]} 26. Re5 {[%clk 0:24:37]} Nxe5 {[%clk 0:37:59]} 27. fxe5
{[%clk 0:25:02]} Qd4+ {[%clk 0:37:07]} 28. Qf2 {[%clk 0:25:22]} Qxe5
{[%clk 0:34:17]} 29. Nxf7 {[%clk 0:24:41]} Qg7 {[%clk 0:31:00]} 30. d6
{[%clk 0:24:37]} Rad8 {[%clk 0:30:23]} 31. Bd5 {[%clk 0:24:31]} Kh7
{[%clk 0:30:26]} 32. Qh4 {[%clk 0:21:03]} Rd7 {[%clk 0:28:53]} 33. Ng5+
{[%clk 0:18:26]} Kh8 {[%clk 0:28:51]} 34. Rf7 {[%clk 0:17:01]} Rfxf7
{[%clk 0:28:31]} 35. Nxf7+ {[%clk 0:17:23]} Rxf7 {[%clk 0:28:02]} 36. Bxf7
{[%clk 0:17:42]} Qxf7 {[%clk 0:28:23]} 37. Qd8+ {[%clk 0:16:29]} Kg7
{[%clk 0:26:58]} 38. Qc7 {[%clk 0:16:55]} 1-0

[Event "Open C"]
[Site "Polanica-Zdroj"]
[Date "2017.08.19"]
[Round "3.3"]
[White "Tokmantsev, Ivan"]
[Black "Litner, Igor"]
[Result "1-0"]
[BlackElo "1991"]
[WhiteElo "1711"]
[LiveChessVersion "1.4.8"]

1. d4 {[%clk 1:30:30]} e6 {[%clk 1:26:22]} 2. c4 {[%clk 1:30:21]} f5
{[%clk 1:24:16]} 3. Nc3 {[%clk 1:30:02]} Nf6 {[%clk 1:24:40]} 4. Nf3
{[%clk 1:29:42]} Bb4 {[%clk 1:24:54]} 5. Qc2 {[%clk 1:29:45]} O-O
{[%clk 1:24:55]} 6. Bg5 {[%clk 1:29:23]} d6 {[%clk 1:24:33]} 7. e3
{[%clk 1:29:18]} Nbd7 {[%clk 1:24:35]} 8. Bd3 {[%clk 1:29:31]} h6
{[%clk 1:21:21]} 9. Bxf6 {[%clk 1:29:50]} Nxf6 {[%clk 1:21:28]} 10. O-O
{[%clk 1:29:58]} Bxc3 {[%clk 1:20:00]} 11. Qxc3 {[%clk 1:30:08]} b6
{[%clk 1:19:36]} 12. Rfd1 {[%clk 1:19:18]} Bb7 {[%clk 1:19:25]} 13. b4
{[%clk 1:13:04]} Qe7 {[%clk 1:19:39]} 14. Nd2 {[%clk 1:12:20]} c5
{[%clk 1:19:47]} 15. bxc5 {[%clk 1:11:57]} dxc5 {[%clk 1:20:03]} 16. Bf1
{[%clk 1:11:33]} Qc7 {[%clk 1:14:40]} 17. f3 {[%clk 1:10:45]} Rae8
{[%clk 1:14:10]} 18. Nb3 {[%clk 1:10:46]} e5 {[%clk 1:13:32]} 19. d5
{[%clk 1:10:06]} e4 {[%clk 1:13:52]} 20. f4 {[%clk 1:10:18]} g5 {[%clk 1:13:09]}
21. g3 {[%clk 1:09:42]} gxf4 {[%clk 1:13:33]} 22. gxf4 {[%clk 1:10:02]} Qg7+
{[%clk 1:09:17]} 23. Kh1 {[%clk 1:09:02]} Qg4 {[%clk 0:55:45]} 24. Rd2
{[%clk 1:07:18]} Kf7 {[%clk 0:54:40]} 25. Rg2 {[%clk 1:06:48]} Qh4
{[%clk 0:54:51]} 26. Be2 {[%clk 1:00:55]} Rg8 {[%clk 0:54:11]} 27. Rag1
{[%clk 1:00:32]} Rxg2 {[%clk 0:54:14]} 28. Rxg2 {[%clk 1:00:25]} Rg8
{[%clk 0:54:08]} 29. d6 {[%clk 0:59:29]} Rd8 {[%clk 0:53:28]} 30. Qe5
{[%clk 0:57:40]} Rd7 {[%clk 0:53:26]} 31. Rg3 {[%clk 0:52:26]} Kf8
{[%clk 0:45:55]} 32. Kg2 {[%clk 0:44:52]} Bc6 {[%clk 0:42:21]} 33. Nd2
{[%clk 0:35:20]} Rg7 {[%clk 0:37:13]} 34. Nf1 {[%clk 0:33:28]} Bd7
{[%clk 0:36:27]} 35. Rxg7 {[%clk 0:32:19]} Kxg7 {[%clk 0:36:40]} 36. Qe7+
{[%clk 0:32:33]} Kg6 {[%clk 0:34:48]} 37. Ng3 {[%clk 0:31:00]} h5
{[%clk 0:34:23]} 38. Nxh5 {[%clk 0:30:32]} Ba4 {[%clk 0:34:15]} 39. Qg7#
{[%clk 0:30:47]} 1-0

[Event "Open C"]
[Site "Polanica-Zdroj"]
[Date "2017.08.19"]
[Round "3.4"]
[White "Grochol, Kamil"]
[Black "Szylko, Waldemar"]
[Result "1/2-1/2"]
[BlackElo "1989"]
[WhiteElo "1688"]
[LiveChessVersion "1.4.8"]

1. e4 {[%clk 1:30:56]} c6 {[%clk 1:30:52]} 2. d4 {[%clk 1:31:14]} d5
{[%clk 1:31:13]} 3. Nc3 {[%clk 1:31:39]} dxe4 {[%clk 1:31:31]} 4. Nxe4
{[%clk 1:32:01]} Nf6 {[%clk 1:31:55]} 5. Nxf6+ {[%clk 1:31:14]} gxf6
{[%clk 1:32:13]} 6. Nf3 {[%clk 1:26:05]} Bg4 {[%clk 1:32:29]} 7. Be2
{[%clk 1:25:46]} e6 {[%clk 1:32:46]} 8. Bf4 {[%clk 1:25:12]} Bd6 {[%clk 1:32:53]}
9. Qd2 {[%clk 1:20:01]} Qc7 {[%clk 1:33:11]} 10. Bxd6 {[%clk 1:18:58]} Qxd6
{[%clk 1:33:38]} 11. O-O-O {[%clk 1:18:07]} Nd7 {[%clk 1:33:56]} 12. Rhe1
{[%clk 1:14:11]} O-O-O {[%clk 1:33:38]} 13. h3 {[%clk 1:10:15]} Bf5
{[%clk 1:31:32]} 14. Nh4 {[%clk 1:02:27]} Bg6 {[%clk 1:30:56]} 15. f4
{[%clk 1:01:10]} Be4 {[%clk 1:27:43]} 16. Bf3 {[%clk 0:57:32]} Bxf3
{[%clk 1:23:21]} 17. Nxf3 {[%clk 0:57:41]} Rhg8 {[%clk 1:18:48]} 18. c4
{[%clk 0:46:55]} c5 {[%clk 1:13:43]} 19. Re2 {[%clk 0:42:11]} cxd4
{[%clk 1:00:18]} 20. Qxd4 {[%clk 0:41:19]} Qxd4 {[%clk 0:58:15]} 21. Nxd4
{[%clk 0:37:13]} a6 {[%clk 0:54:39]} 22. Kc2 {[%clk 0:31:39]} Kc7
{[%clk 0:47:17]} 23. b4 {[%clk 0:26:11]} Nb6 {[%clk 0:45:34]} 24. Kc3
{[%clk 0:23:48]} h5 {[%clk 0:39:49]} 25. Rd3 {[%clk 0:20:00]} Rd7
{[%clk 0:36:47]} 26. Red2 {[%clk 0:17:55]} Rgd8 {[%clk 0:36:50]} 27. Nf3
{[%clk 0:15:39]} Rxd3+ {[%clk 0:32:57]} 28. Rxd3 {[%clk 0:16:01]} Rg8
{[%clk 0:31:05]} 29. Rd2 {[%clk 0:15:23]} Nc8 {[%clk 0:29:56]} 30. Re2
{[%clk 0:09:10]} Nd6 {[%clk 0:29:28]} 31. a4 {[%clk 0:08:24]} Rg3
{[%clk 0:28:30]} 32. c5 {[%clk 0:08:09]} Nf5 {[%clk 0:27:03]} 33. Kc4
{[%clk 0:07:53]} Rxg2 {[%clk 0:26:08]} 34. Rxg2 {[%clk 0:08:06]} Ne3+
{[%clk 0:26:35]} 35. Kd3 {[%clk 0:08:00]} Nxg2 {[%clk 0:26:59]} 36. Ke4
{[%clk 0:07:57]} f5+ {[%clk 0:23:06]} 37. Ke5 {[%clk 0:07:17]} Kd7
{[%clk 0:22:33]} 38. Kf6 {[%clk 0:03:46]} Nxf4 {[%clk 0:22:17]} 39. Ne5+
{[%clk 0:02:43]} Kc7 {[%clk 0:22:24]} 40. Kxf7 {[%clk 0:02:13]} Nxh3
{[%clk 0:22:17]} 41. Kxe6 {[%clk 0:02:18]} Nf4+ {[%clk 0:19:08]} 42. Kxf5
{[%clk 0:02:04]} Nd5 {[%clk 0:19:21]} 43. b5 {[%clk 0:01:55]} a5 {[%clk 0:19:28]}
44. Nc4 {[%clk 0:02:08]} Nc3 {[%clk 0:19:17]} 45. Nxa5 {[%clk 0:02:31]} Nxa4 46.
Nxb7 1/2-1/2

[Event "Open C"]
[Site "Polanica-Zdroj"]
[Date "2017.08.19"]
[Round "3.5"]
[White "Budnik, Mateusz"]
[Black "Gajzner, Ryszard"]
[Result "1-0"]
[BlackElo "1717"]
[WhiteElo "1987"]
[LiveChessVersion "1.4.8"]

1. e4 {[%clk 1:26:50]} c5 {[%clk 1:30:54]} 2. Nf3 {[%clk 1:26:58]} d6
{[%clk 1:31:17]} 3. d4 {[%clk 1:27:24]} cxd4 {[%clk 1:31:42]} 4. Nxd4
{[%clk 1:27:49]} Nf6 {[%clk 1:32:07]} 5. Nc3 {[%clk 1:28:15]} a6 {[%clk 1:32:32]}
6. h3 {[%clk 1:28:41]} e5 {[%clk 1:32:54]} 7. Nde2 {[%clk 1:29:07]} h5
{[%clk 1:33:17]} 8. g3 {[%clk 1:29:33]} Be6 {[%clk 1:31:24]} 9. Bg2
{[%clk 1:29:46]} Be7 {[%clk 1:31:12]} 10. Be3 {[%clk 1:29:03]} b5
{[%clk 1:25:39]} 11. O-O {[%clk 1:25:28]} Nbd7 {[%clk 1:20:54]} 12. a4
{[%clk 1:19:07]} b4 {[%clk 1:17:59]} 13. Nd5 {[%clk 1:19:23]} Bxd5
{[%clk 1:04:51]} 14. exd5 {[%clk 1:19:12]} Rc8 {[%clk 1:04:39]} 15. c3
{[%clk 1:14:01]} Qa5 {[%clk 1:00:24]} 16. Qd2 {[%clk 1:08:45]} bxc3
{[%clk 0:59:39]} 17. Nxc3 {[%clk 1:09:04]} O-O {[%clk 0:56:54]} 18. Rab1
{[%clk 1:06:12]} Rb8 {[%clk 0:50:18]} 19. Rfc1 {[%clk 0:59:43]} Nc5
{[%clk 0:44:00]} 20. Bxc5 {[%clk 0:58:22]} dxc5 {[%clk 0:40:20]} 21. Re1
{[%clk 0:54:22]} Bd6 {[%clk 0:33:02]} 22. Qg5 {[%clk 0:52:30]} Rb4
{[%clk 0:31:43]} 23. Ne4 {[%clk 0:37:44]} Rxe4 {[%clk 0:27:15]} 24. Bxe4
{[%clk 0:33:01]} Qxa4 {[%clk 0:24:40]} 25. Bg2 {[%clk 0:32:17]} Rb8
{[%clk 0:24:25]} 26. Qd2 {[%clk 0:31:06]} a5 {[%clk 0:20:56]} 27. Ra1
{[%clk 0:29:15]} Qb4 {[%clk 0:21:20]} 28. Qxb4 {[%clk 0:28:55]} axb4
{[%clk 0:21:40]} 29. Ra6 {[%clk 0:29:11]} Rd8 {[%clk 0:20:59]} 30. Rea1
{[%clk 0:27:20]} Be7 {[%clk 0:15:36]} 31. Ra8 {[%clk 0:24:18]} Rxa8
{[%clk 0:12:01]} 32. Rxa8+ {[%clk 0:24:40]} Kh7 {[%clk 0:12:27]} 33. Ra7
{[%clk 0:23:55]} Bd6 {[%clk 0:12:51]} 34. Rxf7 {[%clk 0:23:15]} Kg8
{[%clk 0:11:43]} 35. Rb7 {[%clk 0:23:17]} Kf8 {[%clk 0:11:57]} 36. Kf1
{[%clk 0:23:22]} e4 {[%clk 0:06:28]} 37. Ke2 {[%clk 0:22:56]} Be5
{[%clk 0:06:03]} 38. b3 {[%clk 0:18:16]} Nxd5 {[%clk 0:06:18]} 39. Bxe4
{[%clk 0:18:34]} Nc3+ {[%clk 0:05:27]} 40. Kf3 {[%clk 0:18:52]} g5
{[%clk 0:05:03]} 41. Bg6 {[%clk 0:18:11]} h4 {[%clk 0:04:45]} 42. gxh4
{[%clk 0:18:11]} gxh4 {[%clk 0:05:09]} 43. Ke4 1-0

[Event "Open C"]
[Site "Polanica-Zdroj"]
[Date "2017.08.19"]
[Round "3.6"]
[White "Karpinski, Andrzej"]
[Black "Gromczak, Dariusz"]
[Result "1/2-1/2"]
[BlackElo "1979"]
[WhiteElo "1677"]
[LiveChessVersion "1.4.8"]

1. e4 {[%clk 1:23:50]} c5 {[%clk 1:30:57]} 2. Nf3 {[%clk 1:23:31]} e6
{[%clk 1:31:23]} 3. d4 {[%clk 1:23:30]} cxd4 {[%clk 1:31:46]} 4. Nxd4
{[%clk 1:23:48]} Nc6 {[%clk 1:31:56]} 5. Nb5 {[%clk 1:21:01]} d6 {[%clk 1:31:39]}
6. Bf4 {[%clk 1:15:23]} e5 {[%clk 1:31:50]} 7. Be3 {[%clk 1:15:50]} Nf6
{[%clk 1:27:57]} 8. Bg5 {[%clk 1:10:30]} a6 {[%clk 1:25:09]} 9. N5a3
{[%clk 1:04:25]} Be7 {[%clk 1:05:08]} 10. Bxf6 {[%clk 1:00:38]} gxf6
{[%clk 1:04:03]} 11. Nc4 {[%clk 0:52:46]} f5 {[%clk 1:00:51]} 12. exf5
{[%clk 0:43:49]} d5 {[%clk 0:55:26]} 13. Ncd2 {[%clk 0:37:46]} Bxf5
{[%clk 0:53:30]} 14. Nc3 {[%clk 0:33:55]} Nb4 {[%clk 0:38:40]} 15. Rc1
{[%clk 0:32:17]} d4 {[%clk 0:34:03]} 16. Nce4 {[%clk 0:30:23]} Nxa2
{[%clk 0:32:33]} 17. Ra1 {[%clk 0:30:24]} Nb4 {[%clk 0:29:59]} 18. Bd3
{[%clk 0:23:11]} Nxd3+ {[%clk 0:26:39]} 19. cxd3 {[%clk 0:23:34]} Bg6
{[%clk 0:23:38]} 20. O-O {[%clk 0:19:21]} b5 {[%clk 0:17:37]} 21. Qb3
{[%clk 0:18:31]} O-O {[%clk 0:17:06]} 22. Rfc1 {[%clk 0:17:38]} Kh8
{[%clk 0:15:13]} 23. Nc5 {[%clk 0:14:17]} f5 {[%clk 0:11:33]} 24. Ne6
{[%clk 0:12:55]} Qd6 {[%clk 0:08:05]} 25. Nxf8 {[%clk 0:13:10]} Bxf8
{[%clk 0:07:41]} 26. f3 {[%clk 0:11:26]} Bh6 {[%clk 0:07:58]} 27. Rc2
{[%clk 0:10:11]} e4 {[%clk 0:06:30]} 28. fxe4 {[%clk 0:08:33]} fxe4
{[%clk 0:06:15]} 29. Nxe4 {[%clk 0:07:52]} Bxe4 {[%clk 0:06:03]} 30. dxe4
{[%clk 0:08:19]} d3 {[%clk 0:05:49]} 31. Rc3 {[%clk 0:07:26]} Qd4+
{[%clk 0:03:19]} 32. Kh1 {[%clk 0:07:54]} d2 {[%clk 0:03:43]} 33. Rd3
{[%clk 0:07:50]} Qxe4 {[%clk 0:03:57]} 34. Qc3+ {[%clk 0:07:08]} Kg8
{[%clk 0:01:39]} 35. Rg3+ {[%clk 0:07:19]} Kf7 {[%clk 0:02:02]} 36. Rf1+
{[%clk 0:07:30]} Ke6 {[%clk 0:02:23]} 37. Rf6+ {[%clk 0:07:04]} Ke7
{[%clk 0:02:32]} 38. Rf1 {[%clk 0:05:20]} Rf8 {[%clk 0:02:33]} 39. Rgf3
{[%clk 0:04:13]} Rxf3 {[%clk 0:02:58]} 40. gxf3 {[%clk 0:04:28]} Qe2
{[%clk 0:03:01]} 41. Qc5+ {[%clk 0:03:58]} Ke8 {[%clk 0:02:31]} 42. Qc6+
{[%clk 0:04:23]} Ke7 {[%clk 0:02:56]} 43. Qe4+ {[%clk 0:04:38]} Qxe4
{[%clk 0:03:09]} 44. fxe4 {[%clk 0:05:06]} a5 {[%clk 0:03:10]} 45. Kg2
{[%clk 0:05:22]} Bg7 {[%clk 0:02:53]} 46. b3 {[%clk 0:05:14]} a4 {[%clk 0:02:44]}
47. bxa4 {[%clk 0:04:30]} bxa4 {[%clk 0:03:11]} 48. Rd1 {[%clk 0:03:21]} Bc3
{[%clk 0:03:22]} 49. Kf3 {[%clk 0:02:37]} a3 {[%clk 0:03:11]} 50. Ke2
{[%clk 0:02:54]} a2 {[%clk 0:03:01]} 51. Kd3 {[%clk 0:03:07]} a1=Q
{[%clk 0:02:46]} 52. Rxa1 {[%clk 0:03:29]} Bxa1 {[%clk 0:03:07]} 53. Kxd2
{[%clk 0:03:56]} Ke6 54. Ke2 Ke7 55. e5 1/2-1/2